Exportní příležitosti: Estonsko

Hospodárska situácia v Estónsku. Export českých výrobkov na estónsky trh. Očakávaná situácia po vstupe oboch krajín do EÚ. Ako cestovať do Estónska. Charakteristické črty estónskeho obchodného sveta.

Guardado en:
Detalles Bibliográficos
Autor principal: Toman, Marek
Formato: Capítulo de libro
Lenguaje:checo
Materias:
Etiquetas: Agregar Etiqueta
Sin Etiquetas, Sea el primero en etiquetar este registro!

MARC

LEADER 00000naa$a2200000$$$4500
001 0005922
005 20230908091044.6
041 0 |a cze 
044 |a CZ 
245 1 0 |a Exportní příležitosti: Estonsko  |c aut. Marek Toman 
520 |a Hospodárska situácia v Estónsku. Export českých výrobkov na estónsky trh. Očakávaná situácia po vstupe oboch krajín do EÚ. Ako cestovať do Estónska. Charakteristické črty estónskeho obchodného sveta. 
610 2 0 |a obchod zahraničný 
610 2 0 |a styk zahraničnoobchodný 
610 2 0 |a Estónsko 
610 2 0 |a Česko 
610 2 0 |a vývoz 
610 2 0 |a Európska únia 
100 1 |a Toman, Marek